Optimalizácia prevádzkových skúšok vozidiel s vysokým vplyvom na bezpečnosť v cestnej premávke
Gespeichert in:
| 1. Verfasser: | |
|---|---|
| Weitere Verfasser: | |
| Format: | Manuskript Buch |
| Sprache: | Slowakisch |
| Veröffentlicht: |
2020
|
| Schlagworte: | |
| Online-Zugang: | http://is.stuba.sk/zp/portal_zp.pl?podrobnosti=150569 |
| Tags: |
Keine Tags, Fügen Sie das erste Tag hinzu!
|
MARC
| LEADER | 00000ntm a22000003a 4500 | ||
|---|---|---|---|
| 001 | stuzp81427 | ||
| 003 | SK-STU | ||
| 005 | 20200711211149.2 | ||
| 007 | ta | ||
| 008 | 150427s2015----xo-----f-mn---000-0-slo-d | ||
| 040 | |a STU |b slo | ||
| 041 | 0 | |a slo | |
| 100 | 1 | |a Bulava, David |u 020030 |k Z4 |4 aut |U SjF Strojnícka fakulta |T SjF Ústav dopravnej techniky a konštruovania |X 81342 |U J0030 |Y 806 |7 81342 | |
| 242 | 0 | 1 | |a Optimization of vehicles operational tests with high impact on road safety |y eng |
| 245 | 1 | 0 | |a Optimalizácia prevádzkových skúšok vozidiel s vysokým vplyvom na bezpečnosť v cestnej premávke |
| 260 | |c 2020 | ||
| 650 | 4 | |a PTI |2 eng | |
| 650 | 4 | |a headlights |2 eng | |
| 650 | 4 | |a safety |2 eng | |
| 650 | 4 | |a optimization |2 eng | |
| 650 | 4 | |a brake system |2 eng | |
| 650 | 4 | |a brzdový systém |2 slo | |
| 650 | 4 | |a svetlá |2 slo | |
| 650 | 4 | |a optimalizácia |2 slo | |
| 650 | 4 | |a STK |2 slo | |
| 650 | 4 | |a bezpečnosť |2 slo | |
| 700 | 1 | |a Danko, Ján |u 020030 |k Z1 |4 ths |U SjF Strojnícka fakulta |T SjF Ústav dopravnej techniky a konštruovania |X 3691 |U J0030 |Y 806 |7 A000003691 | |
| 856 | 4 | |u http://is.stuba.sk/zp/portal_zp.pl?podrobnosti=150569 | |